书目信息 |
| 题名: |
中国文化心理学
|
|
| 作者: | 汪凤炎 , 郑红 著 | |
| 分册: | ||
| 出版信息: | 广州 暨南大学出版社 2015.11 |
|
| 页数: | 651页 | |
| 开本: | 27cm | |
| 丛书名: | ||
| 单 册: | ||
| 中图分类: | B84-05 | |
| 科图分类: | ||
| 主题词: | 文化学--心理学--研究--中国 | |
| 电子资源: | ||
| ISBN: | 978-7-5668-1520-0 | |
| 000 | 00974nam0 2200277 450 | |
| 001 | 0120151723807 | |
| 005 | 20151231091041.23 | |
| 010 | @a978-7-5668-1520-0@dCNY78.00 | |
| 100 | @a20151202d2015 em y0chiy50 ea | |
| 101 | 0 | @achi |
| 102 | @aCN@b440000 | |
| 105 | @aa z 000yy | |
| 106 | @ar | |
| 200 | 1 | @a中国文化心理学@9zhong guo wen hua xin li xue@dChinese cultural psychology@f汪凤炎,郑红著@zeng |
| 205 | @a5版 | |
| 210 | @a广州@c暨南大学出版社@d2015.11 | |
| 215 | @a651页@c图@d27cm | |
| 330 | @a本书共分为十四章,主要内容包括:走进中国文化心理学、中国人的社会化观、中国人的自我观、中国人的尚“和”心态、中国人的人情观、中国人的脸面观、中国人的孝道心理观等。 | |
| 333 | @a社会科学研究者 | |
| 510 | 1 | @aChinese cultural psychology@zeng |
| 606 | 0 | @a文化学@x心理学@x研究@y中国 |
| 690 | @aB84-05@v5 | |
| 701 | 0 | @a汪凤炎@9wang feng yan@4著 |
| 701 | 0 | @a郑红@9zheng hong@4著 |
| 801 | 0 | @aCN@b人天书店@c20151202 |
| 905 | @b875215-17@dB84-05@e1307=5@f3 | |
| 中国文化心理学=Chinese cultural psychology/汪凤炎,郑红著.-5版.-广州:暨南大学出版社,2015.11 |
| 651页:图;27cm |
| 使用对象:社会科学研究者 |
| ISBN 978-7-5668-1520-0:CNY78.00 |
| 本书共分为十四章,主要内容包括:走进中国文化心理学、中国人的社会化观、中国人的自我观、中国人的尚“和”心态、中国人的人情观、中国人的脸面观、中国人的孝道心理观等。 |
| ● |
| 相关链接 |
|
|
|
|
正题名:中国文化心理学
索取号:B84-05/1307=5
 
预约/预借
| 序号 | 登录号 | 条形码 | 馆藏地/架位号 | 状态 | 备注 |
| 1 | 875215 | 208752152 | 学院路分馆/ [索取号:B84-05/1307=5] | 在馆 | |
| 2 | 875216 | 208752161 | 学院路分馆/ [索取号:B84-05/1307=5] | 在馆 | |
| 3 | 875217 | 208752170 | 学院路分馆/ [索取号:B84-05/1307=5] | 在馆 |